[Event "Condigne Dutch Open 2018"]
[Site "Dieren"]
[Date "2018.07.31"]
[Round "7"]
[White "Bartakke, Amardeep S"]
[Black "Beukema, Jasper"]
[Result "1-0"]
[WhiteElo "2066"]
[BlackElo "2299"]
[Annotator "NA"]
[PlyCount "51"]
[EventDate "2018.07.24"]
[EventType "swiss"]
[EventCountry "NED"]
[SourceTitle "playchess.com"]
[Source "ChessBase"]
[SourceQuality "1"]
[TimeControl "40/5400+30:1800+30"]

{[%evp 19,51,146,143,133,32767,455,521,566,578,645,593,617,32767,32767,32767,750,32767,866,768,802,32767,32767,32767,32767,32767,1021,952,918,1438,928,818,809,786,875]} 1. e4 {[%emt 0:00:00]} e5 {[%emt 0:00:00]} 2. Nf3 {[%emt 0:00:00]} Nc6 {[%emt 0:00:00]} 3. Bb5 {[%emt 0:00:00]} Nge7 {[%emt 0:00:00]} 4. Nc3 {[%emt 0:00:07]} a6 {[%emt 0:00:48]} 5. Be2 {[%emt 0:01:23]} g6 {[%emt 0:01:50]} 6. d4 {[%emt 0:03:07]} exd4 {[%emt 0:00:51]} 7. Nd5 {[%emt 0:00:09]} Nxd5 {[%emt 0:03:31]} 8. exd5 {[%emt 0:00:13]} Ne7 {[%emt 0:00:04]} 9. Qxd4 {[%emt 0:02:46]} Rg8 {[%emt 0:00:07]} 10. Bg5 {[%emt 0:13:11]} d6 {[%emt 0:13:45]} 11. O-O-O {[%emt 0:01:06]} Qd7 {[%emt 0:07:28]} 12. Rhe1 {[%emt 0:03:00]} b6 {[%emt 0:02:02]} 13. Bd3 {[%emt 0:07:45]} Bb7 {[%emt 0:02:24] [#]} 14. Rxe7+ $1 {[%emt 0:00:56]} Bxe7 {[%emt 0:00:29]} 15. Re1 {[%emt 0:00:03]} Kd8 {[%emt 0:02:56]} 16. Rxe7 {[%emt 0:01:06]} Qxe7 {[%emt 0:00:10]} 17. c4 {[%emt 0:01:08]} b5 {[%emt 0:01:10]} 18. Bxe7+ {[%emt 0:00:29]} Kxe7 {[%emt 0:00:06]} 19. Qh4+ {[%emt 0:00:10]} Kf8 {[%emt 0:00:23]} 20. Qxh7 {[%emt 0:00:09]} bxc4 {[%emt 0:00:20]} 21. Bxc4 {[%emt 0:00:10]} Re8 {[%emt 0:00:12]} 22. Ng5 {[%emt 0:01:03]} Re7 {[%emt 0:00:22]} 23. Qh4 {[%emt 0:00:58]} Re5 {[%emt 0:01:10]} 24. f4 {[%emt 0:02:55]} Rf5 {[%emt 0:00:39]} 25. g4 {[%emt 0:00:45]} Rxf4 {[%emt 0:00:25] [#]} 26. Ne6+ $18 {[%emt 0:00:03]} 1-0

[Event "Condigne Dutch Open 2018"]
[Site "Dieren"]
[Date "2018.08.01"]
[Round "8"]
[White "L'Ami, Erwin"]
[Black "Himanshu, Sharma"]
[Result "1-0"]
[WhiteElo "2636"]
[BlackElo "2420"]
[Annotator "TA"]
[PlyCount "105"]
[EventDate "2018.07.24"]
[EventType "swiss"]
[EventCountry "NED"]
[SourceTitle "playchess.com"]
[Source "ChessBase"]
[SourceQuality "1"]

{[%evp 18,105,62,51,72,6,35,-16,0,-112,-110,-222,-210,-207,-191,-198,-197,-205,-214,-252,-239,-252,-212,-227,184,191,191,184,186,188,183,179,213,210,253,260,255,237,261,261,261,261,261,261,261,261,261,261,261,261,261,256,242,234,283,0,289,287,396,292,368,358,372,376,373,360,318,135,510,510,503,494,523,431,736,729,743,719,1112,1112,1112,1006,1085,1051,2642,2642,2403,2403,1679,1588]} 1. e4 c5 2. Nf3 e6 3. d4 cxd4 4. Nxd4 Nc6 5. Nc3 Qc7 6. Be3 a6 7. Qf3 {B48: Sizilianisch (Paulsen-Variante)} Nf6 8. O-O-O d6 (8... Ne5 9. Qg3 b5 10. a3 Bb7 11. Bxb5 Rc8 12. Ba4 Nxe4 13. Nxe4 Bxe4 14. Bf4 Qc4 15. Bxe5 Qxa4 {1-0 (38) Vachier Lagrave,M (2789)-Anand,V (2776) Karlsruhe/Baden-Baden 2018}) 9. Nxc6 Qxc6 10. Be2 {LiveBook: 5 Partien} Be7 11. g4 ({Lieber} 11. Kb1 $16) 11... Nd7 12. g5 (12. Rd4 $14) 12... b5 $11 {[%cal Bb7b5,Bb5b4][%mdl 32]} 13. Rhg1 $146 (13. Rd4 $11) ({Vorgänger:} 13. a3 Bb7 14. h4 Nc5 {0-1 (47) Nakar,E (2494)-Eggink,R (2345) Warsaw 2016}) 13... b4 $17 14. Nd5 (14. Nb1 $17 {ist eine bessere Verteidigung.}) 14... exd5 $19 15. exd5 Qc7 16. Qe4 Rb8 17. Rge1 {[#]} f5 $1 18. Qd4 (18. Qxf5 Ne5) 18... O-O 19. h4 Nc5 20. Bc4 {Schwarz muss nun Dxc5! beachten.} Bd7 $4 {[%mdl 8192] [#]} (20... Ne4 $19 {vermeidet das Desaster. ...Ld7 ist eine echte Drohung.} 21. Kb1 a5) 21. Qxc5 $1 $18 {[%mdl 512]} Qxc5 22. Bxc5 Kf7 {Die Idee ist ...Tbc8.} 23. Bd4 a5 24. f4 Rfe8 25. h5 Bd8 26. Rxe8 Bxe8 27. Bd3 Bd7 28. g6+ Kg8 29. gxh7+ Kxh7 30. Rg1 Bf6 31. Bxf6 gxf6 {[%mdl 4096] Endspiel KTL-KTL} 32. Re1 {Und weiter mit Te7+ wäre nett.} Kh6 33. Re7 Rd8 34. Rf7 Kxh5 35. Rxf6 Bc8 {beabsichtigt ...Kg4.} 36. Be2+ Kh4 {[#]} 37. Rg6 $1 Re8 38. Bd3 Bb7 39. Bxf5 {zielt auf Tg4+ ab.} Bxd5 40. Rg4+ Kh5 41. Rg5+ Kh4 42. Bg6 (42. Bd7 $18 {und Weiss behält klar die Oberhand.} Re7 43. Rxd5 Rxd7 44. Rxa5) 42... Rg8 $2 {[%mdl 8192]} (42... Re5 $16) 43. Rxd5 {Weiß steht klar auf Gewinn.} Rxg6 44. Rxa5 {KT-KT} Re6 45. f5 Re4 (45... Rh6 $142 46. Rd5 Kg4) 46. Rd5 Kg5 47. b3 Kf6 48. Rxd6+ Kxf5 49. Rd8 Rh4 50. Re8 Rg4 51. Kb2 Rh4 52. a3 bxa3+ 53. Kxa3 {Precision: Weiß = 69%, Schwarz = 35%.} 1-0

[Event "Condigne Dutch Open 2018"]
[Site "Dieren"]
[Date "2018.08.01"]
[Round "8"]
[White "Reinderman, Dimitri"]
[Black "Van Foreest, Lucas"]
[Result "1/2-1/2"]
[WhiteElo "2575"]
[BlackElo "2488"]
[Annotator "RC"]
[PlyCount "103"]
[EventDate "2018.07.24"]
[EventType "swiss"]
[EventCountry "NED"]
[SourceTitle "playchess.com"]
[Source "ChessBase"]
[SourceQuality "1"]
[TimeControl "40/5400+30:1800+30"]

1. Nf3 {[%emt 0:00:00]} Nf6 {[%emt 0:00:00]} 2. c4 {[%emt 0:00:00]} e6 {[%emt 0:00:00]} 3. g3 {[%emt 0:00:00]} d5 {[%emt 0:00:00]} 4. Bg2 {[%emt 0:00:00]} Be7 {[%emt 0:00:00]} 5. O-O {[%emt 0:00:00]} O-O {[%emt 0:00:00]} 6. b3 {[%emt 0:00:10]} b6 {[%emt 0:00:00]} 7. Bb2 {[%emt 0:00:14]} c5 {[%emt 0:00:34]} 8. e3 {[%emt 0:00:29]} Nc6 {[%emt 0:00:40]} 9. Nc3 {[%emt 0:01:12]} Ba6 {[%emt 0:00:42]} 10. Qe2 {[%emt 0:01:00]} Qd7 {[%emt 0:00:59]} 11. Rfd1 {[%emt 0:04:47]} Rac8 {[%emt 0:02:23]} 12. Rac1 {[%emt 0:01:41]} Rfd8 {[%emt 0:00:11]} 13. Nb5 {[%emt 0:04:34]} Qe8 {[%emt 0:14:46]} 14. a4 {[%emt 0:11:50]} Bb7 {[%emt 0:04:32]} 15. Ne5 {[%emt 0:07:36]} Nxe5 {[%emt 0:00:31]} 16. Bxe5 {[%emt 0:00:05]} a6 {[%emt 0:00:22]} 17. Na3 {[%emt 0:01:20]} Rd7 {[%emt 0:06:51]} 18. cxd5 {[%emt 0:05:08]} Nxd5 {[%emt 0:00:31]} 19. Nc4 {[%emt 0:01:34]} Qd8 {[%emt 0:01:18]} 20. Ba1 {[%emt 0:03:08]} a5 {[%emt 0:30:35]} 21. d4 {[%emt 0:06:30]} cxd4 {[%emt 0:00:54]} 22. Bxd4 {[%emt 0:02:14]} Ba6 {[%emt 0:05:39]} 23. Bxd5 {[%emt 0:15:58]} Rxd5 {[%emt 0:02:01]} 24. Qg4 {[%emt 0:00:17]} Rg5 {[%emt 0:00:26]} 25. Qe4 {[%emt 0:00:16]} Rd5 {[%emt 0:10:46]} 26. Nxb6 {[%emt 0:01:21]} Rxc1 {[%emt 0:01:02]} 27. Rxc1 {[%emt 0:00:06]} Rd6 {[%emt 0:00:05]} 28. Qe5 {[%emt 0:09:35]} Bf8 {[%emt 0:05:11]} 29. Qxa5 {[%emt 0:07:16]} e5 {[%emt 0:00:07]} 30. Qxa6 {[%emt 0:03:19]} exd4 {[%emt 0:00:03]} 31. a5 {[%emt 0:00:11]} dxe3 {[%emt 0:00:15]} 32. fxe3 {[%emt 0:01:02]} Qg5 {[%emt 0:03:09]} 33. Qe2 {[%emt 0:01:55]} Qxa5 {[%emt 0:00:10]} 34. Nc4 {[%emt 0:00:13]} Qb5 {[%emt 0:00:14]} 35. Rd1 {[%emt 0:06:08]} Re6 {[%emt 0:00:02]} 36. Qc2 {[%emt 0:00:25]} h5 {[%emt 0:01:25]} 37. Rd4 {[%emt 0:01:46]} Be7 {[%emt 0:00:41]} 38. Qd1 {[%emt 0:03:25]} h4 {[%emt 0:00:58]} 39. Kg2 {[%emt 0:01:45]} Ra6 {[%emt 0:03:44]} 40. gxh4 {[%emt 0:00:49]} Ra2+ {[%emt 0:01:14]} 41. Rd2 {[%emt 0:02:09]} Qb7+ {[%emt 0:00:48]} 42. Kg3 {[%emt 0:05:45]} Ra6 {[%emt 0:03:12]} 43. h5 {[%emt 0:00:36]} Bf6 {[%emt 0:00:20]} 44. Kh3 {[%emt 0:03:07]} Ra1 {[%emt 0:07:12]} 45. Rd7 {[%emt 0:04:16]} Qe4 {[%emt 0:08:18]} 46. Qg4 {[%emt 0:00:24]} Qc2 {[%emt 0:04:50]} 47. h6 {[%emt 0:04:36]} Qh7 {[%emt 0:03:02]} 48. Qf4 {[%emt 0:01:21]} Qg6 {[%emt 0:00:02]} 49. Qg4 {[%emt 0:05:29]} Qxh6+ {[%emt 0:00:07]} 50. Kg2 {[%emt 0:00:09]} Ra2+ {[%emt 0:00:18]} 51. Rd2 {[%emt 0:00:07]} Rxd2+ {[%emt 0:00:04]} 52. Nxd2 {[%emt 0:00:16]} 1/2-1/2

[Event "Condigne Dutch Open 2018"]
[Site "Dieren"]
[Date "2018.08.01"]
[Round "8"]
[White "Chanda, Sandipan"]
[Black "Maris, Ivo"]
[Result "1/2-1/2"]
[WhiteElo "2548"]
[BlackElo "2342"]
[Annotator "TA"]
[PlyCount "105"]
[EventDate "2018.07.24"]
[EventType "swiss"]
[EventCountry "NED"]
[SourceTitle "playchess.com"]
[Source "ChessBase"]
[SourceQuality "1"]

{[%evp 18,105,15,0,28,27,48,41,51,46,47,54,94,46,94,42,122,93,107,101,68,101,189,198,200,202,189,199,185,175,177,177,278,285,261,8,224,238,233,125,129,129,117,129,120,124,106,0,33,33,29,27,27,20,20,20,20,20,20,20,20,21,21,0,58,58,58,58,58,58,58,58,58,50,58,48,46,43,93,93,93,93,93,93,93,93,93,93,93,93]} 1. d4 d5 2. Nf3 e6 3. Bf4 Nf6 4. e3 c5 5. Nbd2 Nc6 6. c3 cxd4 7. exd4 {D02: 1 d4 d5 2 Nf3 sidelines, including 2...Nf6 3 g3 and 2...Nf6 3 Bf4} Nh5 8. Be3 Bd6 9. Ne5 (9. Bd3 Nf4 10. Bxf4 Bxf4 11. g3 Bd6 12. O-O O-O 13. Re1 Bd7 14. h4 h6 {1-0 (44) Caruana,F (2822)-Aronian,L (2767) chess.com INT 2018}) 9... g6 10. Nd3 {LiveBook: 12 Games} Qc7 $146 ({Predecessor:} 10... Ng7 11. g3 f6 12. Bg2 Nf5 13. O-O O-O 14. Re1 Kg7 {1-0 (44) Berkes,F (2658)-Banusz,T (2629) Budapest 2017}) 11. g3 f6 12. Bg2 Ng7 13. O-O Nf5 14. Bf4 e5 15. dxe5 (15. Bxd5 exf4 16. Ne4 Nfe7 $15) 15... fxe5 16. Re1 ({White should play} 16. Qe2 $16) 16... Nfe7 (16... Kf8 $1 $14 17. Be3 Be6) 17. Bg5 Bf5 18. Qe2 e4 19. Nf4 {Strongly threatening c4.} O-O-O (19... h6 $16 {might work better.} 20. Bxe7 Bxf4) 20. c4 $1 $18 {[%cal Rc4d5]} Nd4 21. Qd1 dxc4 22. Nxe4 (22. Bxe4 $6 Kb8 $16) 22... Bb4 23. Nd6+ $1 Rxd6 24. Rxe7 Qc5 (24... Qa5 $142) 25. Bxb7+ Kb8 {White must now prevent ...h6.} 26. Nd5 $2 (26. Bg2 $18 Nc6 27. Qa4) 26... Rxd5 $2 (26... Bc2 $1 $11 27. Qg4 h5 28. Qxd4 (28. Qf4 Bd2 $15) 28... Qxd4 29. Nxb4 Rf8) 27. Bf4+ Rd6 {aiming for ...Ne6.} 28. a3 ({White should try} 28. Bg2 $1 $18 Rhd8 29. Qa4 (29. Rxh7 Bc2 $16)) 28... Ba5 $16 {Hoping for ...g5!} 29. Re5 $1 {[%cal Re5c5,Be7e5,Be5d5,Bd5d6][%mdl 32]} Qb6 {[#]} 30. Rd5 $1 Kxb7 31. Rxd6 Nc6 {[#]} 32. Qd5 (32. Rc1 $1 $16 {Threatens to win with b4.} Qb5 33. b4 cxb3 34. a4 (34. Rdxc6 Qd3 $16)) 32... Rc8 33. Rc1 (33. Qxc4 Qxb2 34. Ra2 (34. Rc1 $2 Bb6 $17) 34... Qb1+ 35. Kg2 Be4+ 36. Kh3 (36. f3 $2 Bxf3+ 37. Kxf3 Ne5+ 38. Bxe5 Qh1+ 39. Ke3 Rxc4 $19) 36... Qh1 $19) 33... Qxb2 {Black wants to play ...Bb6.} 34. Rxc4 ({Inferior is} 34. Qxc4 Bb6 $17) 34... Bb6 35. Be3 Qa1+ 36. Rc1 Qe5 37. Rcxc6 Qxd5 38. Rxb6+ axb6 39. Rxd5 $11 {[%mdl 4096] Endgame KRB-KRB} Rc3 40. Rd4 (40. Rb5 {feels hotter.} Rxa3 41. Rxb6+ Kc7 42. Rb2 Bh3 43. Bc1) 40... Rd3 (40... Rxa3 $11 41. Rh4 h5) 41. Rxd3 $14 Bxd3 {KB-KB} 42. Kg2 b5 43. Kf3 Kc6 44. Kf4 Kd5 45. Kg5 h5 46. Kf6 Be4 47. h3 Bf5 48. f3 {[%cal Bf2f3,Bf3f4][%mdl 32] White is better.} Bxh3 49. Kxg6 Bg2 50. f4 Ke4 51. Bc5 {f5 is the strong threat.} Bh3 52. Kxh5 {And now Kg6 would win.} Kf5 53. Bd6 {Precision: White = 61%, Black = 51%.} 1/2-1/2

[Event "Condigne Dutch Open 2018"]
[Site "Dieren"]
[Date "2018.08.01"]
[Round "8"]
[White "Pruijssers, Roeland"]
[Black "Van Osch, Mees"]
[Result "1-0"]
[WhiteElo "2501"]
[BlackElo "2324"]
[Annotator "TA"]
[PlyCount "63"]
[EventDate "2018.07.24"]
[EventType "swiss"]
[EventCountry "NED"]
[SourceTitle "playchess.com"]
[Source "ChessBase"]
[SourceQuality "1"]

{[%evp 20,63,53,52,57,56,108,102,102,102,115,87,86,25,61,45,89,23,115,27,141,150,150,150,143,158,254,254,254,260,259,258,258,258,258,262,280,280,616,576,607,607,1398,1359,29976,29976]} 1. e4 e6 2. d4 d5 3. Nd2 Nf6 4. e5 Nfd7 5. c3 c5 6. f4 Nc6 7. Ndf3 Be7 8. Bd3 O-O 9. Ne2 f5 10. O-O c4 11. Bc2 b5 {C05: French Tarrasch: 3...Nf6 4 e5 Nfd7, 5 f4 and 5 Bd3 sidelines} 12. Kh1 Rf7 $146 (12... b4 $14) ({Predecessor:} 12... Nb6 13. Rg1 Kh8 14. g4 g6 15. Qf1 Rf7 16. Qh3 Rg7 17. Be3 Kg8 18. Rg2 Kf7 19. Qh6 {1-0 (58) Howell,D (2332)-Plant,P (2097) Coventry 2004}) 13. Ng5 $16 Bxg5 {White is better.} 14. fxg5 Nf8 15. Nf4 b4 16. Nh5 ({White should play} 16. h4 $16) 16... Bd7 17. g4 Ne7 18. cxb4 (18. Nf6+ $16 gxf6 19. gxf6) 18... Be8 (18... Nfg6 $11) 19. a3 (19. Nf6+ $16 Kh8 20. Nxe8 (20. gxf5 Nxf5 21. Nxe8 Qxe8 $14) 20... Qxe8 21. Bd2) 19... fxg4 {[#]} (19... Qb6 $1 $11) 20. Nf6+ $1 Kh8 21. Qxg4 Nf5 {[#]} 22. Bd2 $1 Rc7 (22... Rb8 $16 23. Rg1 Ng6) 23. Nxe8 $18 Qxe8 24. Bxf5 exf5 25. Rxf5 ({But not} 25. Qxf5 Ne6 $18) 25... Rf7 26. Raf1 {[%cal Ba1f1,Bf1f5,Bf5f6][%mdl 32]} Rxf5 27. Rxf5 Ne6 28. h4 g6 $2 (28... Kg8 29. h5 Rb8) 29. Rf6 Ng7 30. e6 {[%cal Be5e6,Be6e7][%mdl 32]} Qa4 31. e7 {White wants to mate with Rf8+.} Kg8 32. Qf3 {Precision: White = 63%, Black = 31%.} 1-0

[Event "Condigne Dutch Open 2018"]
[Site "Dieren"]
[Date "2018.08.01"]
[Round "8"]
[White "Loginov, Valery A"]
[Black "Zwirs, Nico"]
[Result "0-1"]
[WhiteElo "2493"]
[BlackElo "2386"]
[Annotator "TA"]
[PlyCount "120"]
[EventDate "2018.07.24"]
[EventType "swiss"]
[EventCountry "NED"]
[SourceTitle "playchess.com"]
[Source "ChessBase"]
[SourceQuality "1"]

{[%evp 30,120,34,31,25,23,31,18,24,0,0,0,0,0,5,-7,0,-120,-113,-209,-185,-188,-202,-205,-182,-183,-175,-153,-138,-229,-187,-184,-189,-189,-182,-167,-135,-114,-110,-175,-60,-56,-72,-72,-62,-188,0,0,0,-186,-143,-195,-206,-197,-197,-191,-189,-186,-190,-189,-164,-182,-182,-292,-269,-376,-326,-445,-437,-451,-437,-443,-433,-417,-416,-675,-648,-718,-693,-5676,-5658,-5676,-5676,-5650,-5635,-5628,-5628,-5620,-5603,-5603,-5595,-5069,-4622]} 1. e4 c5 2. Nf3 d6 3. d4 cxd4 4. Nxd4 Nf6 5. Nc3 a6 6. Be2 e5 7. Nb3 Be7 8. Be3 Be6 9. Nd5 Nbd7 10. Qd3 Bxd5 11. exd5 O-O 12. O-O Nc5 13. Qd2 {B92: Sicilian Najdorf: 6 Be2} Nfe4 14. Qb4 a5 15. Qb5 (15. Qc4 Rc8 16. Qb5 b6 17. f3 Nf6 18. Rfd1 Nh5 19. g3 g6 20. Nxc5 bxc5 {½-½ (91) Anand,V (2773)-Gelfand,B (2761) Zuerich 2014}) 15... Qc7 16. Rad1 {LiveBook: 6 Games} a4 17. Nxc5 Nxc5 18. f3 f5 19. Rd2 $146 ({Predecessor:} 19. Rfe1 Rfc8 20. Qb4 f4 {½-½ (28) Do Amaral,R-Roberts,A LSS email 2006}) 19... Rfc8 20. b4 axb3 21. cxb3 Ra5 22. Qb4 Na6 $36 {[%mdl 2048] Black has good play.} 23. Qb6 {[#]} (23. Bxa6 $1 $11 Rxa6 24. a4) 23... Bg5 $1 $17 {[%mdl 512] And now ...Qxb6 would win.} 24. f4 (24. Rb2 $17) (24. Bxg5 Qxb6+) 24... Bxf4 $19 25. Rxf4 exf4 26. Qxc7 Nxc7 27. Bxf4 Ne8 28. g4 Rac5 29. Rd1 (29. gxf5 $17 {is a better defense.} Nf6 30. Bf3) 29... Rc2 30. Bd3 Rxa2 31. Bxf5 Rca8 32. Be6+ Kf8 33. Rf1 {[%cal Rf4d6]} Ke7 34. Bc1 (34. Bg3 $17 Ra1 35. Bh4+ Nf6 36. g5 Rxf1+ 37. Kxf1) 34... Nf6 (34... Kd8 $19 {aiming for ...Re2.} 35. Bf5 Nf6) 35. g5 $15 Nh5 $1 {Hoping for ...Rf8.} 36. Rf7+ Ke8 {White must now prevent ...Rc2.} 37. Rc7 (37. Rf1 $1 $15 Kd8 38. Rf8+ Kc7 39. Rf7+ Kd8 40. Rf8+ Kc7 41. Rf7+ Kd8 42. Rf8+) 37... Kd8 38. Rd7+ Ke8 39. Rc7 g6 40. Rxh7 (40. b4 $17) 40... Ra1 $19 41. Rh8+ Ke7 42. Rh7+ Kd8 43. Rh8+ Kc7 44. Rxa8 Rxa8 {[%mdl 4096] Endgame KRN-KB} 45. Be3 Rf8 46. Bd4 (46. Kg2 $142) 46... Nf4 47. Bf6 Ra8 48. h4 Ra3 49. b4 Ra4 50. Bf7 Rxb4 51. Kf2 Kd7 52. Kf3 (52. Ke3 $142) 52... Nh5 {Black is clearly winning.} 53. Bxg6 Nxf6 54. gxf6 {Strongly threatening h5.} Rxh4 {KR-KB} 55. Bf5+ Ke8 56. Be6 Rh6 57. f7+ Ke7 58. Ke3 Rh1 59. Kd2 Rf1 60. Kc3 Rxf7 {Precision: White = 37%, Black = 82%.} 0-1

[Event "Condigne Dutch Open 2018"]
[Site "Dieren"]
[Date "2018.08.01"]
[Round "8"]
[White "Anurag, Mhamal"]
[Black "Lobanov, Sergei"]
[Result "1-0"]
[WhiteElo "2484"]
[BlackElo "2521"]
[Annotator "TA"]
[PlyCount "79"]
[EventDate "2018.07.24"]
[EventType "swiss"]
[EventCountry "NED"]
[SourceTitle "playchess.com"]
[Source "ChessBase"]
[SourceQuality "1"]

{[%evp 26,79,54,50,56,43,87,78,75,81,86,75,100,76,98,104,114,105,106,120,181,175,165,165,179,167,213,213,205,210,227,225,206,169,222,227,248,234,403,398,387,384,458,446,567,555,512,297,396,327,464,448,12838,12836,12836,12837]} 1. d4 Nf6 2. c4 e6 3. g3 d5 4. Nf3 dxc4 5. Bg2 c5 6. O-O Nc6 7. Qa4 Bd7 8. Qxc4 b5 9. Qd3 c4 10. Qc2 {E04: Open Catalan: 5 Nf3} Rc8 11. e4 Be7 12. Qe2 O-O 13. Rd1 Re8 14. Ne5 {LiveBook: 4 Games} Qc7 {[#] aiming for ...Nxd4!} 15. Bf4 Bd6 16. Nxd7 Nxd7 17. e5 {[#]} Bf8 $146 ({Predecessor:} 17... Bb4) 18. Nc3 {[%cal Bb1c3,Bc3e4,Be4g5][%mdl 32]} Qa5 19. a4 b4 20. Ne4 c3 21. bxc3 bxc3 22. Ng5 h6 {[#]} (22... g6 $16) 23. Bxc6 $1 $18 Rxc6 24. Qe4 $40 {[%csl Gg5][%cal Re4h7][%mdl 128] White goes for the king.} hxg5 25. Qxc6 gxf4 26. Qxd7 Rd8 27. Qc6 Qb4 28. Rdc1 ({But not} 28. gxf4 $6 Rxd4 29. Rxd4 Qxd4 $16) 28... Rxd4 29. Rxc3 Rd5 (29... g5 $142 30. Rac1 Qxa4) 30. Rac1 Rxe5 31. Rc4 Re1+ $2 (31... Qd6 32. Qxd6 (32. gxf4 Rf5 $18) 32... Bxd6 33. Rxf4 Bc5) 32. Rxe1 Qxe1+ {[%mdl 4096] Endgame KQR-KQB} 33. Kg2 fxg3 34. hxg3 a5 35. Qb7 Qd1 36. Rf4 f6 37. Re4 e5 (37... Qd5 $142 38. Qxd5 exd5) 38. Qb5 {White is clearly winning.} Qd8 (38... Qd6 $142 39. Rh4 (39. Qxa5 Qc6 $16) 39... Qe6 40. Qxa5 Qc6+ 41. Kh2 Kf7 42. Qa7+ Be7) 39. Qc4+ Kh7 40. Qf7 {Precision: White = 89%, Black = 34%.} 1-0

[Event "Condigne Dutch Open 2018"]
[Site "Dieren"]
[Date "2018.08.01"]
[Round "8"]
[White "Warmerdam, Max"]
[Black "Ikonnikov, Vyacheslav"]
[Result "0-1"]
[WhiteElo "2424"]
[BlackElo "2536"]
[Annotator "TA"]
[PlyCount "124"]
[EventDate "2018.07.24"]
[EventType "swiss"]
[EventCountry "NED"]
[SourceTitle "playchess.com"]
[Source "ChessBase"]
[SourceQuality "1"]

{[%evp 10,124,16,10,14,6,26,19,43,14,19,18,25,20,17,22,44,16,16,7,10,0,0,0,0,0,0,0,0,0,7,0,0,0,0,-56,-66,-88,-71,-58,-45,-56,-64,-76,-25,-43,-8,-16,0,0,0,-13,0,0,0,0,0,0,0,0,0,0,0,0,0,0,0,0,0,0,0,0,0,0,0,-112,0,-122,0,-7,0,0,0,0,0,0,0,0,0,0,0,0,0,0,0,0,0,-12851,-12851,-12851,0,0,0,-29957,-29952,-12851,-29938,-12851,-12851,-12851,-12851,-12851,-29978,-29978,-29979,-29979,-29980]} 1. d4 Nf6 2. c4 e6 3. g3 Bb4+ 4. Bd2 Bxd2+ 5. Nxd2 d6 (5... d5 6. Bg2 O-O 7. Ngf3 c6 8. O-O Nbd7 9. Rc1 b6 10. cxd5 cxd5 11. a4 Re8 {½-½ (11) Sumets,A (2569)-Bogdanovich,S (2574) Konya 2017}) 6. e3 {LiveBook: 3 Games. E00: Catalan Bogo-Indian (3 g3 Bb4+)} e5 7. Ne2 Bd7 $146 ({Predecessor:} 7... O-O 8. Bg2 Re8 9. O-O a5 10. h3 Nc6 11. d5 Nb8 12. g4 h6 13. Qc2 {½-½ (57) Studer,N (2401)-Huss,A (2319) Switzerland 2016}) 8. Bg2 {White has an edge.} Qc8 9. Rc1 O-O 10. Qb3 Nc6 11. O-O exd4 12. Nxd4 Bh3 13. N2f3 Bxg2 14. Kxg2 Ne4 15. Rfd1 Re8 16. Qc2 a5 17. a3 a4 18. Nb5 h6 19. Rd5 b6 20. Rcd1 Qb7 21. Kg1 Nc5 22. Nc3 (22. Qe2 $11) 22... Ne7 $15 23. Nd4 Nxd5 24. cxd5 Qc8 25. Nc6 Qd7 26. Rd4 Rf8 ({Black should play} 26... f6 $17) 27. Rf4 f5 28. Nd4 g6 29. h4 $1 h5 30. Nc6 Rfe8 31. Nxa4 Nxa4 32. Rxa4 Rxa4 33. Qxa4 $11 {[%mdl 4096] Endgame KQR-KQN} Re4 34. Qc2 {[#]} g5 $1 {[%mdl 512]} 35. hxg5 h4 36. gxh4 Rxh4 37. Nd4 Rg4+ 38. Kf1 Rxg5 39. a4 Qh7 40. Qc6 {aiming for Qe8+.} Qh5 {[%cal Rh5d1]} 41. Ke1 f4 42. Kd2 (42. Qxc7 $11 {remains equal.} Rg1+ 43. Kd2) 42... Rg2 (42... fxe3+ $17 43. fxe3 Qf7) 43. Kc3 {[#]} (43. Qxc7 $11 Rxf2+ 44. Kc3) 43... Rxf2 (43... fxe3 $1 $17 44. fxe3 Qe5) 44. Qxc7 fxe3 45. Qxd6 Qg4 46. Qe6+ Qxe6 47. dxe6 {KR-KN} Rf4 {White must now prevent ...Rxd4!} 48. Nc2 e2 49. b4 Re4 50. Kd2 e1=Q+ 51. Nxe1 Rxb4 52. Nc2 Rxa4 $2 {[%mdl 8192]} (52... Rh4 $11) 53. Kd3 $2 {[%mdl 8192]} (53. Kc3 $11) 53... Kf8 $19 54. Ne3 b5 $2 ({Better is} 54... Ra5 $19 {...Ke7 is the strong threat.} 55. Kd4 Rg5) 55. Nd5 Rc4 {Hoping for ...Ke8.} 56. Nc3 $2 {[%mdl 8192]} (56. Ke3 $11 Ke8 57. Kd3) 56... Rc5 57. Kd4 {[#]} Rh5 (57... b4 $1 $19 {[%mdl 512]} 58. Ne4 Rc2) 58. Nd5 Rg5 59. Nb6 Ke7 60. Kc3 Kxe6 61. Kb4 Kd6 62. Nc8+ Kc7 {Precision: White = 67%, Black = 64%.} 0-1